Ak mak, tak z Jarnej

Pestovanie maku na Slovensku v minulosti a dnes. Pestovatelia maku na Slovensku. Obsah minerálov a vitamínov u maku. Lukratívny odber makovíc.

Salvato in:
Dettagli Bibliografici
Autore principale: Krištofičová, Dagmar
Natura: Capitolo di libro
Lingua:slovacco
Soggetti:
Tags: Aggiungi Tag
Nessun Tag, puoi essere il primo ad aggiungerne!!

MARC

LEADER 00000naa a2200000 4500
001 0184621
005 20231109070938.5
041 0 |a slo 
044 |a SK 
245 1 0 |a Ak mak, tak z Jarnej  |c Dagmar Krištofičová 
520 |a Pestovanie maku na Slovensku v minulosti a dnes. Pestovatelia maku na Slovensku. Obsah minerálov a vitamínov u maku. Lukratívny odber makovíc. 
610 2 0 |a plodiny poľnohospodárske 
610 2 0 |a Slovensko 
100 1 |a Krištofičová, Dagmar